000 00618cam a2200193 a 4500
020 _a0132325136 (hc : alk. paper)
082 0 0 _a621.2
_bJOH
_cL-38, P-177
100 1 _aJohnson, James E.
_941105
245 1 0 _aHydraulics for engineering technology /
_cJames E. Johnson.
260 _aEnglewood Cliffs, N.J. :
_bPrentice Hall,
_cc1996.
300 _axxiv, 309 p. :
_bill. ;
_c24 cm.
500 _aIncludes index.
526 _a0
_b0
_c0
_d621_200000000000000_JOH
650 0 _aHydraulic control.
_941106
650 0 _aHydraulics.
650 0 _aMCE
_9379
650 0 _aOil hydraulic machinery.
_941107
942 _2ddc
_cBK
999 _c545298
_d545298